000 02177cam a22005174i 4500
003 PE-LiUPU
005 20250731173519.0
008 150616s1993 tnu rb 000 0 eng d
020 _a0805411577
035 _a(Sirsi) i9780805411577
040 _aPE-LiUPU
_bspa
_cPE-LiUPU
_erda
049 _aPRUA
082 0 4 _a254.509
_bR18
_221
100 1 _aRainer, Thom S.,
_eautor.
245 1 4 _aThe Book of Church Growth /
_cThom S. Rainer.
264 1 _aTennessee :
_bBroadman Press,
_c1993.
300 _a351 páginas ;
_c24 centímetros
336 _atext
_2rdacontent
337 _aunmediated
_2rdamedia
338 _avolume
_2rdacarrier
504 _aIncluye bibliografía.
505 0 _aThe history of the Church growth movement -- A theology of Church growth -- Principles of Church growth -- Concluding.
526 _aSEG42
526 _aSEG41
526 _aSEG40
526 _aSEG39
526 _aP94
526 _aP87
526 _aP86
526 _aP85
526 _aP77
526 _aP76
526 _aP35
650 0 4 _aCrecimiento de la Iglesia - Historia.
910 _ajck
_bjvq
_cjck
942 _2ddc
_cBOOK
949 _a253.791 R18
_wDEWEY
_c1
_i36352
_lCCODEBUL1
_mBUL
_r0
_sY
_tBOOK
_u2015-4-23
_xTEOLOGIA
_zUNKNOWN
_0COMPRA
_o.STAFF. Colección General
949 _a253.791 R18
_wDEWEY
_c2
_i41846
_lCCODEBUL1
_mBUL
_r0
_sY
_tBOOK
_u2015-6-16
_xTEOLOGIA
_zUNKNOWN
_0COMPRA
_o.STAFF. Colección General
949 _a254.509 R18
_wDEWEY
_c1
_i42146
_lCCODEBUL1
_mBUL
_r0
_sY
_tBOOK
_u2015-6-16
_xTEOLOGIA
_zUNKNOWN
_0COMPRA
_o.STAFF. Colección General
994 _aC0
_bPEPRU
596 _a1
999 _a253.791 R18
_wDEWEY
_c59510
_i36352
_f2021-11-10
_g5
_lCCODEBUL1
_mBUL
_p22.38
_r0
_sY
_tBOOK
_u2015-4-23
_xTEOLOGIA
_PP35
_0COMPRA
_o.STAFF. Colección Teología
_d59510
999 _a253.791 R18
_wDEWEY
_c2
_i41846
_f2021-11-10
_g5
_lCCODEBUL1
_mBUL
_p22.38
_r0
_sY
_tBOOK
_u2015-6-16
_xTEOLOGIA
_PP35
_0COMPRA
_o.STAFF. Colección Teología
999 _a254.509 R18
_wDEWEY
_c1
_i42146
_f2021-11-10
_g5
_lCCODEBUL1
_mBUL
_p22.38
_r0
_sY
_tBOOK
_u2015-6-16
_xTEOLOGIA
_PP35
_0COMPRA
_o.STAFF. Colección Teología
980 _81
_gALBERTO SANCHEZ Responsable de Automatización